| 000 | 00535nam a2200181Ia 4500 | ||
|---|---|---|---|
| 001 | 24724 | ||
| 005 | 20260414151102.0 | ||
| 008 | 260414t2022||||xx |||||||||||||| ||spa|| | ||
| 041 | _aESP | ||
| 082 |
_a345.726 _bT48 |
||
| 100 |
_aThomson Reuters Aranzadi _eAUT |
||
| 245 | 0 |
_aRecurso de casación civil. Cómo lograr su admisión : _bdoctrina, jurisprudencia, definición, formularios y esquemas procesales |
|
| 260 | _c2022 | ||
| 300 |
_a1290 páginas : _c24 cm. |
||
| 650 | _aDER | ||
| 654 | _aCDE | ||
| 942 |
_cLIB _dJUS _fJUS _2ddc _n |
||
| 999 |
_c24724 _d24724 |
||